| 000 | 01300cam a22002651i 4500 | ||
|---|---|---|---|
| 003 | SA-RiAUC | ||
| 005 | 20250707171732.0 | ||
| 008 | 250624s1984 su a g 000 0 ara c | ||
| 040 |
_aSA-JeALM _bara _cSA-RiAUC _erda |
||
| 082 | 0 | 4 |
_a415.1 _qSA-RiAUC |
| 090 |
_a415.1 _bس هـ ي |
||
| 100 | 1 |
_aالسهيلي، عبد الرحمن بن عبد الله بن أحمد، _d508-581 هجري _eمؤلف. |
|
| 245 | 1 | 0 |
_aنتائج الفكر في النحو / _cأبو القاسم عبد الرحمن السهيلي ؛ تحقيق محمد إبراهيم البنا. |
| 250 | _aالطبعة الثانية. | ||
| 264 | 1 |
_aالرياض : _bدار الرياض للنشر والتوزيع، _c1984 |
|
| 300 |
_a495 صفحة : _bإيضاحيات ؛ _c24 سم |
||
| 336 |
_aنص _btxt _2rdacontent _3كتاب |
||
| 337 |
_aبدون وسيط _bn _2rdamedia |
||
| 338 |
_aمجلد _bnc _2rdacarrier |
||
| 500 | _aاهداء من المحقق محمد ابراهيم للشيخ رحمه الله في 18 / 5 / 1410 هـ .وتوجد ملاحظات للشيخ رحمه الله في بداية الكتاب. | ||
| 650 | 7 |
_aاللغة العربية _xنحو _2aucsh |
|
| 700 | 1 |
_aالبنا، محمد إبراهيم، _d1933-2012 _eمحقق. |
|
| 942 |
_2ddc _cBOOK _n0 |
||
| 949 |
_aSA-JeALM _d250624 _uosman123 _n1 |
||
| 999 |
_c9575 _d9575 |
||